000 00897nam a22002057a 4500
005 20131101135928.0
008 131101b xxu||||| |||| 00| 0 spa d
041 _aspa
044 _ack
090 _aIAVH
_b01413
100 _aRamirez; Diana Patricia
_9330
245 _aPlan de ordenamiento y manejo de la cuenca del rio Cane-Iguaque
_bComision conjunta Corpoboya-DTNA UAESPNN
260 _aBogota
_bInstituto de Investigación de Recursos Biológicos Alexander von Humboldt
_c2006
300 _a345 p.
_bil
_eCd
520 _aDesarrollo de las fases de apresamiento y diagnostico, inicio de la fases de prospectiva, formulación e implementan de casos piloto en el marco convenio 033 del 2006
650 _aManejo sostenible recursos naturales
_92296
650 _aAprovechamiento de los recursos naturales
_92297
700 _a Diana Patricia Ramirez; .[et al].
_92298
942 _2z
_cImpreso
999 _c7716
_d7716